Un colchagüino en la guerra: recuerdos del Ejército en la campaña al Perú y Bolivia

Furkejuvvon:
Bibliográfalaš dieđut
Váldodahkki: Venegas Urbina, Lucas Lucio (Dahkki)
Materiálatiipa: Girji
Giella:espánnjágiella
Almmustuhtton: s.l Aurora de Colchagua 2019
Preanttus:3a. ed
Fáttát:
Fáddágilkorat: Lasit fáddágilkoriid
Eai fáddágilkorat, Lasit vuosttaš fáddágilkora!

MARC

LEADER 00000cam a2200000 a 4500
001 UCC9269
003 CL-VaPUC
008 190914e20190000cl |||||||||||||||||spa|d
020 |a 9789569757075 
082 0 4 |a 983.061  |b VEN  |2 21 
100 0 |a Venegas Urbina, Lucas Lucio  |e author  |9 604247 
245 1 3 |a Un colchagüino en la guerra: recuerdos del Ejército en la campaña al Perú y Bolivia 
250 |a 3a. ed 
300 |a 170 p 
942 |c BK 
945 |d 20190914 23:07:00  |a dcastane 
260 |a s.l  |b Aurora de Colchagua  |c 2019 
500 |a Incluye folleto Chile para los chilenos 
650 0 |a Guerra del Pacífico  |9 314886 
650 7 |a MEMORIAS MILITARES  |2 CL-VaPUC  |9 504195 
583 |a last modification  |c 20190914 23:07:00  |k Rodrigo Vera 
999 |c 375462  |d 375460 
952 |0 0  |1 0  |3 erb  |4 0  |6 983_061000000000000_VEN_2019  |7 0  |8 C  |9 494444  |a BIBCUR  |b BIBCUR  |i 5601193  |l 1  |m 1  |o 983.061 VEN 2019  |p 5601193  |r 2025-04-22  |s 2022-04-21  |w 2019-11-24  |y BK  |z Catalogado en:20190914  |k CAC